| 000 | 01057nam a2200289Ia 4500 | ||
|---|---|---|---|
| 001 | F6001 | ||
| 003 | IT-RoPAU | ||
| 008 | 130308s9999 xx 000 0 und d | ||
| 040 | _aIT-RoPAU | ||
| 040 | _cIT-RoPAU | ||
| 041 | _aITALIANO | ||
| 100 | _aBassi Assunta | ||
| 100 | _gCodice Aut. SPICS: 25814 | ||
| 245 | _aFormazione apostolica-pastorale | ||
| 245 | _bAtti del Convegno delle Maestre di Formazione (8-17 Luglio 1967) | ||
| 250 | _a1a ed. | ||
| 260 | _aROMA | ||
| 260 | _bEdizioni Paoline Fsp | ||
| 260 | _c1967 [1° Ed.:1967 - Ed.Ling.Originale:1967] | ||
| 300 | _a"41 p. (prefazione: no ; testo: 41 [pagine: 239-279])" | ||
| 500 | _aEducazione e Formazione. Formazione Apostolica. Fine della Formazione Apostolica. mezzi per la Formazione Apostolica. Metodo per la Formazione Apostolica. insegnamento del Primo Maestro. sintesi delle relazioni dei Gruppi. Puntualizzazioni in Sessione Plenaria. | ||
| 650 | _aAUTORI/OPERE FAMIGLIA PAOLINA | ||
| 650 | _eCodice materia Spics: 9903 | ||
| 942 | _cBK | ||
| 957 | _71 | ||
| 999 |
_c87352 _d87352 |
||
| 999 | _g1 | ||